000 00437nam a2200169Ia 4500
001 14875
003 IN-NITTTR
005 20251114233140.0
008 251113s9999||||xx |||||||||||||| ||eng||
040 _beng
040 _cIN-NITTTR
041 _aeng
082 _a519.4 C314D
100 _aCavanagh, Joseph J. F.
245 0 _aDigital computer arithmetic :
_b design and implementation. /
_cCavanagh, Joseph J. F.
942 _2ddc
_cBK
999 _c17511
_d17511